[Event "Open Vitrolles 2021/2022"]
[Site "Vitrolles"]
[Date "2022.01.08"]
[Round "4.1"]
[White "Boghossian, Lucie"]
[Black "Tiran, Baptiste"]
[Result "1-0"]
[WhiteElo "1416"]
[BlackElo "1508"]
[PlyCount "83"]

1. e4 e6 2. d3 d5 3. Qe2 dxe4 4. dxe4 Nf6 5. g3 Bc5 6. Bg2 O-O 7. Nc3 Nc6 8.
Be3 Bxe3 9. Qxe3 e5 10. Nf3 Ng4 11. Qe2 Nd4 12. Nxd4 exd4 13. Rd1 Ne5 14. f4
Bg4 15. Qb5 Bxd1 16. Nxd1 Ng6 17. O-O Rb8 18. Qh5 d3 19. cxd3 Qxd3 20. f5 Qd4+
21. Kh1 Ne7 22. f6 gxf6 23. Nf2 Qe5 24. Qh3 Rfd8 25. Ng4 Qe6 26. Nxf6+ Qxf6 27.
Rxf6 Ng6 28. Qg4 Rd4 29. h4 Kf8 30. Qf5 Rd1+ 31. Kh2 Nh8 32. Qxh7 Ke7 33. Qf5
Rf8 34. Qe5+ Kd8 35. Rf1 Rd7 36. Bh3 Rd2+ 37. Kg1 Rd3 38. Qg5+ f6 39. Rxf6
Rxg3+ 40. Qxg3 Rxf6 41. Qg8+ Ke7 42. Qxh8 1-0

[Event "Open Vitrolles 2021/2022"]
[Site "Vitrolles"]
[Date "2022.01.08"]
[Round "4.2"]
[White "Corrias, Robert"]
[Black "Briquet, Xavier"]
[Result "0-1"]
[WhiteElo "1491"]
[BlackElo "1457"]
[PlyCount "82"]

1. e4 e5 2. Bc4 Nf6 3. Nc3 Nc6 4. Nf3 Be7 5. d3 h6 6. Be3 O-O 7. Qd2 Ng4 8.
O-O-O Nxe3 9. fxe3 Bb4 10. Kb1 d6 11. a3 Ba5 12. g3 Bg4 13. Rdf1 a6 14. b4 Nxb4
15. axb4 Bxb4 16. Nh4 Be6 17. Bxe6 fxe6 18. Kb2 Rxf1 19. Rxf1 d5 20. Qf2 Qe7
21. Qd2 d4 22. Nd5 exd5 23. Nf5 Qc5 24. exd4 exd4 25. Qf2 Bc3+ 26. Kc1 dxe4 27.
dxe4 Re8 28. Nxh6+ Kh7 29. Qf5+ Qxf5 30. Nxf5 Rxe4 31. Rd1 c5 32. Kb1 Re2 33.
Rh1 b5 34. h4 a5 35. g4 a4 36. g5 b4 37. h5 b3 38. g6+ Kg8 39. cxb3 axb3 40.
Nd6 d3 41. Rd1 Ra2 0-1

[Event "Open Vitrolles 2021/2022"]
[Site "Vitrolles"]
[Date "2022.01.08"]
[Round "4.3"]
[White "Cens, Alain"]
[Black "Bouriel, Michel"]
[Result "1-0"]
[WhiteElo "1391"]
[BlackElo "1338"]
[PlyCount "71"]

1. c4 c5 2. g3 d6 3. Bg2 Nf6 4. Nc3 g6 5. e4 Bg7 6. Nge2 O-O 7. O-O Nc6 8. d3
Rb8 9. h3 a6 10. a4 Bd7 11. Be3 Qc8 12. Kh2 Nb4 13. Rc1 Bc6 14. d4 cxd4 15.
Nxd4 Bd7 16. Nd5 Nbxd5 17. cxd5 Qe8 18. b3 Bc8 19. Qd2 Nd7 20. b4 Ne5 21. f4
Nd7 22. Rc2 Nf6 23. a5 e6 24. dxe6 Bxe6 25. Nxe6 Qxe6 26. Re1 Rbd8 27. Bb6 Rc8
28. Rxc8 Rxc8 29. e5 Nd7 30. exd6 Bc3 31. Rxe6 Bxd2 32. Re2 Bxb4 33. Bc7 Nf6
34. Bxb7 Re8 35. Rxe8+ Nxe8 36. d7 1-0

[Event "Open Vitrolles 2021/2022"]
[Site "Vitrolles"]
[Date "2022.01.08"]
[Round "4.4"]
[White "Chauvet, Joelle"]
[Black "Frailinu, Jean-Bernard"]
[Result "1-0"]
[WhiteElo "1363"]
[BlackElo "1368"]
[PlyCount "129"]

1. d4 e6 2. c4 f5 3. Nf3 Nf6 4. Nc3 d5 5. e3 c6 6. a3 Bd6 7. Bd3 O-O 8. O-O b6
9. b4 Nbd7 10. Bb2 Ne4 11. Ne2 Ng5 12. Nf4 Nxf3+ 13. Qxf3 Nf6 14. c5 Bc7 15.
Rac1 b5 16. Bb1 a5 17. Nd3 Ne4 18. Rcd1 Qh4 19. Ne5 Rf6 20. g3 Qh3 21. Qg2
Qxg2+ 22. Kxg2 Bxe5 23. dxe5 Rh6 24. h4 Rg6 25. Rh1 h5 26. Rh3 axb4 27. axb4
Ra4 28. Rd4 Kf7 29. f3 Ra8 30. fxe4 fxe4 31. Rh1 Ke7 32. Rf1 Bd7 33. Rd2 Rh6
34. Rdf2 Rg8 35. Rf4 g5 36. hxg5 Rxg5 37. Rf6 Rh7 38. Kh3 Rhg7 39. Rg1 Be8 40.
Bc2 Bg6 41. Bd1 Bf5+ 42. g4 hxg4+ 43. Kh4 g3 44. Bh5 g2 45. Rf7+ Rxf7 46. Kxg5
Rg7+ 47. Kh4 Kf8 48. Bc3 Bg6 49. Rxg2 Bxh5 50. Rxg7 Kxg7 51. Kxh5 Kh7 52. Kg5
Kg7 53. Be1 d4 54. exd4 e3 55. Kf4 e2 56. Ke3 Kg6 57. Kxe2 Kf5 58. Kf3 Kg5 59.
Bd2+ Kf5 60. Bf4 Kg6 61. Kg4 Kg7 62. Kg5 Kf7 63. Kh6 Ke7 64. Kg7 Ke8 65. Bg5
1-0

[Event "Open Vitrolles 2021/2022"]
[Site "Vitrolles"]
[Date "2022.01.08"]
[Round "4.5"]
[White "Benoit-Lizon, Alain"]
[Black "Biard, Noah"]
[Result "1-0"]
[WhiteElo "1365"]
[BlackElo "1233"]
[PlyCount "87"]

1. e4 e5 2. Nf3 Nc6 3. Bb5 a6 4. Bxc6 dxc6 5. O-O Bd6 6. d3 Bg4 7. Nbd2 Nf6 8.
Nc4 Qd7 9. Ncxe5 Bxe5 10. Nxe5 Bxd1 11. Nxd7 Bxc2 12. Ne5 Nd7 13. Nxd7 Kxd7 14.
Re1 Rhe8 15. Re2 Ba4 16. b3 Bxb3 17. axb3 b5 18. Bb2 f6 19. f3 c5 20. Rc2 Re6
21. Rxc5 c6 22. d4 Ke7 23. Rac1 a5 24. Rxc6 a4 25. bxa4 bxa4 26. Ba3+ Kd7 27.
Rxe6 Kxe6 28. Rc7 f5 29. d5+ Kf6 30. Bb2+ Kg6 31. Rxg7+ Kh6 32. Rc7 a3 33. Ba1
fxe4 34. fxe4 Rb8 35. Kf2 a2 36. d6 Rb1 37. Bg7+ Kg6 38. Ra7 Rd1 39. d7 Rd6 40.
Be5 Rd2+ 41. Ke3 Rd1 42. Bd4 a1=Q 43. Rxa1 Rxa1 44. Bxa1 1-0

[Event "Open Vitrolles 2021/2022"]
[Site "Vitrolles"]
[Date "2022.01.08"]
[Round "4.6"]
[White "Piquemal, Jean-Christophe"]
[Black "Rannou, Danielle"]
[Result "1-0"]
[WhiteElo "1131"]
[BlackElo "1143"]
[PlyCount "111"]

1. d4 d5 2. c4 Nf6 3. Nc3 e6 4. Bg5 Be7 5. e3 h6 6. Bf4 Bd6 7. cxd5 Nxd5 8.
Bxd6 Qxd6 9. Nf3 O-O 10. Rc1 a6 11. Bd3 Nb4 12. O-O N8c6 13. Ne4 Qe7 14. Qb3
Nxd3 15. Qxd3 Nb4 16. Qc4 b5 17. Qb3 Bb7 18. Nfd2 Bd5 19. Qa3 a5 20. b3 Rfc8
21. Rc5 c6 22. Rc3 Qd8 23. Nc5 Na6 24. Qb2 Nxc5 25. Rxc5 e5 26. dxe5 Qe7 27.
Qd4 Rd8 28. Qc3 b4 29. Qc1 Qxe5 30. e4 Qd6 31. exd5 cxd5 32. Re1 Qd7 33. Rc7
Qd6 34. Ree7 Rf8 35. Nf3 Rae8 36. Rxe8 Rxe8 37. h3 d4 38. Rc6 Qd8 39. Rc7 d3
40. Qf4 Re7 41. Rxe7 Qxe7 42. Qb8+ Kh7 43. Qb5 Qd8 44. Qc4 f6 45. Nd2 Qd7 46.
Qe4+ Kg8 47. Qa8+ Kh7 48. Qxa5 Qe7 49. Qf5+ Kg8 50. Qxd3 Qe1+ 51. Kh2 Qxf2 52.
Qc4+ Kh7 53. Qxb4 Qe3 54. Qe4+ Qxe4 55. Nxe4 Kg8 56. a4 1-0

[Event "Open Vitrolles 2021/2022"]
[Site "Vitrolles"]
[Date "2022.01.08"]
[Round "4.7"]
[White "Guyard, Gerard"]
[Black "Leonti, Denis"]
[Result "0-1"]
[WhiteElo "1306"]
[BlackElo "1191"]
[PlyCount "96"]

1. d4 d5 2. c4 c6 3. Nf3 Nf6 4. Nc3 e6 5. Bf4 Nbd7 6. e3 a6 7. a4 Be7 8. Bd3
dxc4 9. Bxc4 b6 10. O-O Bb7 11. Bd3 h6 12. e4 c5 13. Re1 O-O 14. Bc2 cxd4 15.
Nxd4 e5 16. Ne6 fxe6 17. Be3 Bb4 18. Bc1 Bxc3 19. bxc3 Nc5 20. Qxd8 Rfxd8 21.
f3 Nd3 22. Bxd3 Rxd3 23. Bb2 Rad8 24. c4 Nd7 25. Red1 Nc5 26. Re1 Nb3 27. Rab1
Nd4 28. h3 Rb3 29. Kh2 Rb4 30. c5 bxc5 31. a5 Nc6 32. Red1 c4 33. Kg3 Kf7 34.
Kh2 Nxa5 35. Bc3 Rxb1 36. Rxb1 Nb3 37. Bxe5 a5 38. Bc7 Ra8 39. Rd1 Ke8 40. Be5
g6 41. Rd6 Ke7 42. Rb6 Bc8 43. g4 a4 44. h4 a3 45. f4 a2 46. f5 exf5 47. exf5
gxf5 48. gxf5 Bxf5 0-1

[Event "Open Vitrolles 2021/2022"]
[Site "Vitrolles"]
[Date "2022.01.08"]
[Round "4.8"]
[White "Porte, Jacques"]
[Black "Alvarez, Frederic"]
[Result "0-1"]
[WhiteElo "1262"]
[BlackElo "1199"]
[PlyCount "98"]

1. d4 Nf6 2. c4 g6 3. Nc3 Bg7 4. Nf3 O-O 5. e4 d6 6. Be2 Bg4 7. O-O Bxf3 8.
Bxf3 c6 9. Be3 Nbd7 10. Qb3 Rb8 11. Rad1 Qc7 12. Qc2 c5 13. dxc5 Ne5 14. Be2
dxc5 15. Qc1 Neg4 16. Bf4 e5 17. Bg3 h5 18. Bxg4 hxg4 19. Nd5 Nxd5 20. exd5 Qd6
21. Rde1 f5 22. f4 e4 23. Qd2 e3 24. Qc2 Bd4 25. Kh1 Rfe8 26. Re2 Re4 27. a3 a5
28. a4 Qa6 29. Qb3 Rbe8 30. Be1 Rd8 31. Qc2 b6 32. b3 Qb7 33. g3 Qh7 34. Bc3
Qh3 35. Kg1 Qh8 36. Bxd4 Qxd4 37. Rd1 Qf6 38. Rde1 Rde8 39. Qc1 g5 40. Rxe3
Rxe3 41. Rxe3 Qd4 42. Kf2 gxf4 43. gxf4 Qxf4+ 44. Ke2 Qxh2+ 45. Kd3 Rxe3+ 46.
Qxe3 Qh3 47. d6 Qxe3+ 48. Kxe3 Kf7 49. Kf4 Ke6 0-1

[Event "Open Vitrolles 2021/2022"]
[Site "Vitrolles"]
[Date "2022.01.08"]
[Round "4.9"]
[White "Cortes-Sobral, Maria"]
[Black "De Moura Navalho, Joao-Curtis"]
[Result "0-1"]
[WhiteElo "1199"]
[BlackElo "1063"]
[PlyCount "122"]

1. Nc3 e5 2. d3 Nf6 3. Nf3 Nc6 4. e3 d5 5. Be2 Bb4 6. Bd2 O-O 7. a3 Bxc3 8.
Bxc3 Re8 9. O-O d4 10. Bd2 Qd6 11. e4 Ne7 12. Bb4 Qe6 13. Ng5 Qd7 14. h3 h6 15.
Bd2 hxg5 16. Bxg5 Qe6 17. b3 Ng6 18. Bxf6 Qxf6 19. Bh5 Nf4 20. Bg4 Qg6 21. Qf3
Bxg4 22. Qxg4 Qxg4 23. hxg4 Ne2+ 24. Kh2 Nc3 25. a4 Re6 26. g3 Rd8 27. g5 Rdd6
28. b4 Rb6 29. b5 a6 30. Ra3 axb5 31. a5 Ra6 32. Raa1 b6 33. axb6 Rexb6 34.
Rxa6 Rxa6 35. Kg2 Ra2 36. Rc1 Rb2 37. f4 exf4 38. gxf4 Rb1 39. Rg1 Rxg1+ 40.
Kxg1 Ne2+ 41. Kf2 Nxf4 42. Kf3 Ne6 43. Kg4 g6 44. e5 Kf8 45. Kh4 Ke7 46. Kg4
Kd7 47. Kh4 Kc6 48. Kg4 Kd5 49. Kg3 Nxg5 50. Kf4 Ne6+ 51. Kf3 Kxe5 52. Kg4 f5+
53. Kh4 Kf4 54. Kh3 Ke3 55. Kg3 Kd2 56. c4 bxc4 57. dxc4 Kc3 58. c5 Nxc5 59.
Kf4 d3 60. Ke3 d2 61. Ke2 Kc2 0-1

[Event "Open Vitrolles 2021/2022"]
[Site "Vitrolles"]
[Date "2022.01.08"]
[Round "4.10"]
[White "Lovato, Enzo"]
[Black "Schoeni, Christine"]
[Result "1/2-1/2"]
[WhiteElo "1199"]
[BlackElo "1199"]
[PlyCount "76"]

1. d4 d5 2. Bf4 e6 3. e3 Bd6 4. Bg3 Nf6 5. Nf3 Ne4 6. Bxd6 Qxd6 7. c3 O-O 8.
Nbd2 Nc6 9. Bd3 f5 10. O-O Ne7 11. Ne5 Ng5 12. Qh5 h6 13. f4 Nf7 14. Ndf3 Qd8
15. Nxf7 Rxf7 16. Ne5 Rf8 17. Rf3 Qe8 18. Qh4 Ng6 19. Nxg6 Qxg6 20. Rg3 Qf6 21.
Qh5 Qf7 22. Rg6 Bd7 23. Be2 Be8 24. Rg3 Qxh5 25. Bxh5 Bxh5 26. Rc1 c6 27. b4 b5
28. Ra1 Be2 29. a4 Bc4 30. a5 a6 31. Re1 Kh7 32. h4 Rg8 33. Kh2 Ra7 34. Rg1 Be2
35. Rh1 Bh5 36. Kg1 Rf7 37. Rhh3 Bg4 38. Rh2 h5 1/2-1/2

[Event "Open Vitrolles 2021/2022"]
[Site "Vitrolles"]
[Date "2022.01.22"]
[Round "5.1"]
[White "Briquet, Xavier"]
[Black "Boghossian, Lucie"]
[Result "0-1"]
[WhiteElo "1457"]
[BlackElo "1416"]
[PlyCount "74"]

1. e4 c5 2. Nf3 e6 3. Nc3 Nc6 4. d4 cxd4 5. Nxd4 Qc7 6. Be2 a6 7. a3 b5 8. O-O
Bb7 9. Be3 Bd6 10. f4 Be7 11. Qd2 Nf6 12. e5 Ng8 13. Rad1 Bc5 14. Bf3 Nge7 15.
Ne4 Nxd4 16. Bxd4 Bxd4+ 17. Qxd4 O-O 18. Qxd7 Qb6+ 19. Kh1 Nd5 20. Nf6+ gxf6
21. Bxd5 Bxd5 22. Qe7 Qd8 23. Qb4 fxe5 24. Rd3 Kh8 25. fxe5 Qg5 26. Rg3 Qxe5
27. Qh4 f5 28. Rh3 Rf7 29. Re1 Qf6 30. Qf4 Rg8 31. Re2 Rfg7 32. Rg3 Rxg3 33.
hxg3 Qxb2 34. Kh2 Qg7 35. Kg1 Qxg3 36. Qd4+ Qg7 37. Qb6 Bxg2 0-1

[Event "Open Vitrolles 2021/2022"]
[Site "Vitrolles"]
[Date "2022.01.22"]
[Round "5.2"]
[White "Tiran, Baptiste"]
[Black "Cens, Alain"]
[Result "1-0"]
[WhiteElo "1508"]
[BlackElo "1391"]
[PlyCount "35"]

1. d4 d5 2. c4 e6 3. Nf3 c6 4. g3 Bd6 5. Bg2 f5 6. Nc3 Nf6 7. Qb3 Nbd7 8. Ng5
Qe7 9. Nh3 O-O 10. Bf4 Ne4 11. cxd5 exd5 12. Bxe4 fxe4 13. Nxd5 cxd5 14. Qxd5+
Qf7 15. Qxf7+ Rxf7 16. Bxd6 Nb6 17. Ng5 Rf5 18. Nxe4 1-0

[Event "Open Vitrolles 2021/2022"]
[Site "Vitrolles"]
[Date "2022.01.22"]
[Round "5.3"]
[White "Benoit-Lizon, Alain"]
[Black "Chauvet, Joelle"]
[Result "1-0"]
[WhiteElo "1365"]
[BlackElo "1363"]
[PlyCount "91"]

1. e4 e5 2. Nf3 d6 3. d4 exd4 4. Nxd4 Nf6 5. Nc3 Be7 6. Bf4 O-O 7. Qd2 Nbd7 8.
O-O-O Nc5 9. f3 Ne6 10. Be3 c6 11. Nf5 Ne8 12. Nxe7+ Qxe7 13. h4 b5 14. a3 Bb7
15. h5 h6 16. g4 a5 17. Kb1 b4 18. axb4 axb4 19. Ne2 c5 20. Nf4 Ng5 21. Qg2 Nf6
22. Bc4 Bc6 23. Ng6 Qa7 24. Kc1 Ngxe4 25. fxe4 Bxe4 26. Qg1 Bxh1 27. Qxh1 Rfe8
28. Qf3 Qa1+ 29. Kd2 Qxb2 30. Ne7+ Rxe7 31. Qxa8+ Re8 32. Qa1 Qxa1 33. Rxa1
Nxg4 34. Bf4 Rd8 35. Ra6 Ne5 36. Bd5 Kf8 37. Ke3 c4 38. Bxe5 dxe5 39. Bxc4 Rd4
40. Ra8+ Ke7 41. Ra7+ Rd7 42. Rxd7+ Kxd7 43. Bxf7 Ke7 44. Bg6 Ke6 45. Ke4 Kd6
46. Bf7 1-0

[Event "Open Vitrolles 2021/2022"]
[Site "Vitrolles"]
[Date "2022.01.22"]
[Round "5.4"]
[White "Frailinu, Jean-Bernard"]
[Black "Piquemal, Jean-Christophe"]
[Result "1-0"]
[WhiteElo "1368"]
[BlackElo "1131"]
[PlyCount "93"]

1. c4 e5 2. Nc3 Nc6 3. Nf3 Nf6 4. d3 Bb4 5. Bd2 d6 6. g3 Bg4 7. Bg2 Qe7 8. a3
Bc5 9. b4 Bd4 10. b5 Nd8 11. Nxd4 exd4 12. Nd5 Nxd5 13. Bxd5 O-O 14. h3 Bh5 15.
g4 Bg6 16. O-O c6 17. Bf3 a6 18. a4 c5 19. Bf4 Qf6 20. Qd2 axb5 21. axb5 Rb8
22. Ra7 b6 23. Rfa1 Qh4 24. Kg2 Qf6 25. Ra8 Rxa8 26. Rxa8 Ne6 27. Bxd6 Rxa8 28.
Bxa8 Ng5 29. Bg3 h5 30. Qf4 hxg4 31. Qxf6 gxh3+ 32. Kh2 gxf6 33. Bc7 Bh5 34. f3
Ne6 35. Bxb6 Nf4 36. Bxc5 Nxe2 37. Bd6 Bg6 38. Be4 f5 39. Bd5 f4 40. b6 Ng3 41.
Bxf4 Nh5 42. Be5 Bxd3 43. b7 Kh7 44. b8=Q f6 45. Qg8+ Kh6 46. Bxd4 Bh7 47. Be3+
1-0

[Event "Open Vitrolles 2021/2022"]
[Site "Vitrolles"]
[Date "2022.01.22"]
[Round "5.5"]
[White "De Moura Navalho, Joao-Curtis"]
[Black "Corrias, Robert"]
[Result "1-0"]
[WhiteElo "1063"]
[BlackElo "1491"]
[PlyCount "47"]

1. e4 b6 2. d4 Bb7 3. Nc3 Nf6 4. Bd3 g6 5. Nf3 Bg7 6. O-O O-O 7. Bf4 d6 8. Re1
Nbd7 9. Re3 Ng4 10. Re1 e5 11. dxe5 Ngxe5 12. Nxe5 Nxe5 13. Qd2 Qd7 14. Rad1
Rad8 15. f3 Rfe8 16. Re3 f6 17. Bb5 c6 18. Ba4 Nc4 19. Bb3 Qf7 20. Rd3 Bf8 21.
Bxc4 Qxc4 22. Bxd6 Qf7 23. Bxf8 Qxf8 24. Rxd8 1-0

[Event "Open Vitrolles 2021/2022"]
[Site "Vitrolles"]
[Date "2022.01.22"]
[Round "5.6"]
[White "Bouriel, Michel"]
[Black "Alvarez, Frederic"]
[Result "0-1"]
[WhiteElo "1338"]
[BlackElo "1199"]
[PlyCount "148"]

1. c4 b6 2. Nc3 Bb7 3. Nf3 e6 4. g3 Bb4 5. Bg2 Ne7 6. O-O O-O 7. d3 Bxc3 8.
bxc3 Ng6 9. Rb1 d5 10. Nd4 c5 11. Nb5 f5 12. d4 cxd4 13. Nxd4 Qd6 14. Nb5 Qd7
15. Ba3 Rd8 16. Nd6 Na6 17. cxd5 e5 18. Nxb7 Qxb7 19. d6 e4 20. Qb3+ Kh8 21.
Qe6 Qd7 22. Qc4 Nc5 23. Rfd1 Ne5 24. Qd5 Nf7 25. Bxc5 bxc5 26. Rb7 Qxd6 27.
Qxf7 Qxd1+ 28. Bf1 Rg8 29. Qxf5 Qa4 30. Qxc5 Qxa2 31. e3 Rgf8 32. f4 exf3 33.
Qe5 Rg8 34. Qd4 Rad8 35. Qe4 Rgf8 36. Qe7 Rg8 37. Rxa7 Qd2 38. c4 Rde8 39. Rd7
Qxe3+ 40. Qxe3 Rxe3 41. Kf2 Rc3 42. Rf7 Rc2+ 43. Kxf3 Rxh2 44. Bd3 Ra2 45. c5
Rc8 46. c6 Kg8 47. Rd7 Rxc6 48. Rd8+ Kf7 49. Bxh7 Ra3+ 50. Kf2 Ra2+ 51. Kf3
Ra3+ 52. Kf4 Rf6+ 53. Ke5 Re3+ 54. Kd5 Rxg3 55. Rd7+ Ke8 56. Ra7 Rg5+ 57. Kd4
Rd6+ 58. Kc4 Rd7 59. Ra8+ Ke7 60. Ra1 g6 61. Re1+ Kf8 62. Bxg6 Rxg6 63. Rf1+
Rf7 64. Re1 Rc7+ 65. Kd5 Ra7 66. Rf1+ Kg7 67. Re1 Ra5+ 68. Kc4 Rg4+ 69. Kb3 Kf6
70. Rf1+ Rf5 71. Re1 Rf3+ 72. Kc2 Rg2+ 73. Kd1 Ra3 74. Rf1+ Kg5 0-1

[Event "Open Vitrolles 2021/2022"]
[Site "Vitrolles"]
[Date "2022.01.22"]
[Round "5.7"]
[White "Leonti, Denis"]
[Black "Porte, Jacques"]
[Result "0-1"]
[WhiteElo "1191"]
[BlackElo "1262"]
[PlyCount "64"]

1. e4 c5 2. Nf3 Nc6 3. Bb5 e5 4. Bxc6 bxc6 5. Nxe5 Nf6 6. d3 Bb7 7. Bg5 Be7 8.
Bxf6 Bxf6 9. f4 a5 10. Nc4 O-O 11. O-O Re8 12. Nc3 d5 13. Nd2 dxe4 14. dxe4 Ba6
15. Re1 Bd4+ 16. Kh1 Bf2 17. Nf3 Bxe1 18. Qxe1 Qb8 19. Qc1 c4 20. b3 cxb3 21.
axb3 Bb7 22. Qe3 f6 23. Nd4 Qd8 24. Nf5 g6 25. Rd1 Qc7 26. Qg3 Rad8 27. Nd4 g5
28. Nde2 Rxd1+ 29. Nxd1 Rxe4 30. Nec3 Rxf4 31. Qe1 Qe5 32. Qg1 Ba6 0-1

[Event "Open Vitrolles 2021/2022"]
[Site "Vitrolles"]
[Date "2022.01.22"]
[Round "5.8"]
[White "Schoeni, Christine"]
[Black "Guyard, Gerard"]
[Result "0-1"]
[WhiteElo "1199"]
[BlackElo "1306"]
[PlyCount "78"]

1. Nc3 Nf6 2. d4 d5 3. Bg5 Bf5 4. e3 e6 5. Bd3 Bg6 6. Nf3 Bh5 7. Be2 Nc6 8. O-O
Qd7 9. Ne5 Bxe2 10. Nxe2 Nxe5 11. dxe5 Ne4 12. Bh4 g5 13. f3 O-O-O 14. Bf2 Nxf2
15. Rxf2 Bc5 16. Nd4 h5 17. a3 a6 18. b4 Ba7 19. c3 Qe7 20. Qe2 Qd7 21. Rb1 f6
22. b5 a5 23. exf6 e5 24. Nc2 Bb6 25. a4 Qf5 26. Rd1 Qxf6 27. c4 dxc4 28. Rxd8+
Rxd8 29. Rf1 c3 30. h3 Rd2 31. Qe1 Rxc2 32. Rf2 Rxf2 33. Kxf2 c2 34. Qc1 Qf5
35. Ke2 e4 36. Qxc2 exf3+ 37. gxf3 Qxc2+ 38. Kf1 Bxe3 39. h4 Qf2# 0-1

[Event "Open Vitrolles 2021/2022"]
[Site "Vitrolles"]
[Date "2022.02.27"]
[Round "6.1"]
[White "Boghossian, Lucie"]
[Black "Benoit-Lizon, Alain"]
[Result "0-1"]
[WhiteElo "1407"]
[BlackElo "1381"]
[PlyCount "130"]

1. e4 c5 2. d4 cxd4 3. c3 d5 4. e5 dxc3 5. Nxc3 e6 6. Nf3 Nc6 7. Be3 f6 8. Bb5
Bd7 9. Bxc6 Bxc6 10. O-O fxe5 11. Nxe5 Nf6 12. Rc1 Bd6 13. Nxc6 bxc6 14. Na4
Rc8 15. Bxa7 Bxh2+ 16. Kh1 Bf4 17. Bb6 Qe7 18. Bc5 Qf7 19. Nb6 Rd8 20. Rc2 Ne4
21. Ba3 Qg6 22. Kg1 Qh6 23. g3 Bxg3 24. fxg3 Qe3+ 25. Kg2 Qxg3+ 26. Kh1 Qh3+
27. Rh2 Ng3+ 28. Kg1 Qxf1+ 29. Qxf1 Nxf1 30. Kxf1 Rb8 31. Na4 h6 32. Rc2 Rc8
33. Nb6 Rc7 34. Bd6 Rf7+ 35. Ke2 Rf5 36. Rxc6 Kf7 37. Rc7+ Kg6 38. Nd7 Kh5 39.
Ne5 Rd8 40. Rd7 Rxe5+ 41. Bxe5 Rxd7 42. b4 Ra7 43. Kd3 g5 44. b5 g4 45. a4 Rxa4
46. b6 g3 47. b7 Rb4 48. b8=Q Rxb8 49. Bxb8 Kg4 50. Ke2 h5 51. Kf1 Kf3 52. Be5
h4 53. Kg1 h3 54. Kh1 g2+ 55. Kg1 Ke4 56. Bh2 d4 57. Kf2 d3 58. Ke1 Ke3 59.
Bg1+ Ke4 60. Bh2 e5 61. Bg1 Kf3 62. Bh2 e4 63. Bg1 e3 64. Kd1 h2 65. Bxh2 Kf2
0-1

[Event "Open Vitrolles 2021/2022"]
[Site "Vitrolles"]
[Date "2022.02.27"]
[Round "6.2"]
[White "Briquet, Xavier"]
[Black "Tiran, Baptiste"]
[Result "0-1"]
[WhiteElo "1444"]
[BlackElo "1496"]
[PlyCount "126"]

1. e4 e6 2. d4 d5 3. exd5 exd5 4. Nf3 Bd6 5. Be2 Bf5 6. Be3 Ne7 7. Nbd2 Nbc6 8.
a3 Ng6 9. c4 Nf4 10. O-O Nxe2+ 11. Qxe2 O-O 12. cxd5 Ne7 13. Qc4 Nxd5 14. Bg5
Ne7 15. Ne5 Be6 16. d5 Bxd5 17. Qxd5 Nxd5 18. Bxd8 Bxe5 19. Nc4 Bxh2+ 20. Kxh2
Raxd8 21. Rac1 c6 22. Rfe1 f6 23. Na5 Rd7 24. Re6 Kf7 25. Re4 Re8 26. Rec4 Re2
27. R4c2 Rxc2 28. Rxc2 Ne7 29. b4 Rc7 30. Nc4 Ke6 31. Ne3 Nd5 32. Nc4 Rd7 33.
Re2+ Kf7 34. f3 Nf4 35. Re4 Nd5 36. Kh3 Nc7 37. Rf4 Rd5 38. Na5 Ne6 39. Rc4 Rd7
40. Rc1 g5 41. Nc4 b6 42. Ne3 c5 43. bxc5 Nxc5 44. Kg4 Rd4+ 45. Kg3 Rd3 46. Nc4
h5 47. Kf2 Ne6 48. a4 Nc5 49. a5 Rb3 50. axb6 axb6 51. Ke2 Nd3 52. Rd1 Nf4+ 53.
Kf1 b5 54. Nd6+ Kg6 55. Ne4 h4 56. Rd6 Rb1+ 57. Kf2 Rb2+ 58. Kf1 Nh5 59. f4
gxf4 60. Kg1 Kf5 61. Nc5 Ke5 62. Nd3+ Kxd6 63. Nxb2 Kc5 0-1

[Event "Open Vitrolles 2021/2022"]
[Site "Vitrolles"]
[Date "2022.02.27"]
[Round "6.3"]
[White "Alvarez, Frederic"]
[Black "Frailinu, Jean-Bernard"]
[Result "0-1"]
[WhiteElo "1199"]
[BlackElo "1362"]
[PlyCount "140"]

1. d4 d5 2. Nf3 c6 3. c4 e6 4. c5 b5 5. b4 Nf6 6. Bg5 Be7 7. Nc3 a5 8. a3 Bb7
9. e3 Na6 10. Qb3 axb4 11. axb4 Nc7 12. Ra2 Rxa2 13. Qxa2 Qa8 14. Qb2 O-O 15.
Bd3 Qa7 16. O-O Ra8 17. Rb1 Qa3 18. Qc2 h6 19. Bxf6 Bxf6 20. g3 Qa7 21. e4 dxe4
22. Nxe4 Be7 23. Ne5 Rd8 24. Nf3 Nd5 25. Nc3 Bf6 26. Nxd5 exd5 27. Re1 Bc8 28.
Kg2 Qd7 29. Qe2 Qh3+ 30. Kg1 Qe6 31. Ne5 g6 32. Qc2 Bxe5 33. Rxe5 Qg4 34. f4
Kg7 35. Qe2 Qxe2 36. Rxe2 Kf6 37. Kg2 h5 38. h3 Bd7 39. h4 Ra8 40. Rb2 Ra3 41.
Bb1 Bg4 42. Kf2 Bf3 43. Bc2 Be4 44. Bxe4 dxe4 45. Re2 Kf5 46. Re3 Ra8 47. Rc3
Rd8 48. Ke3 f6 49. Rc1 Rg8 50. Rd1 g5 51. fxg5 fxg5 52. Rf1+ Ke6 53. Kxe4 gxh4
54. gxh4 Rg4+ 55. Rf4 Rg1 56. Rf8 Re1+ 57. Kd3 Rd1+ 58. Ke3 Re1+ 59. Kd2 Rh1
60. Rf4 Kd5 61. Rf5+ Kxd4 62. Rxh5 Rh2+ 63. Ke1 Kc4 64. Rh6 Kxb4 65. Rxc6 Rxh4
66. Rc8 Rc4 67. c6 Kc3 68. Kd1 b4 69. Kc1 b3 70. Kb1 Re4 0-1

[Event "Open Vitrolles 2021/2022"]
[Site "Vitrolles"]
[Date "2022.02.27"]
[Round "6.4"]
[White "Chauvet, Joelle"]
[Black "Piquemal, Jean-Christophe"]
[Result "1-0"]
[WhiteElo "1363"]
[BlackElo "1137"]
[PlyCount "149"]

1. d4 d5 2. Nf3 Nc6 3. e3 Nf6 4. c4 Bg4 5. Nc3 e6 6. Be2 Bb4 7. a3 Bxc3+ 8.
bxc3 O-O 9. O-O Ne4 10. Bb2 h6 11. Ne5 Bxe2 12. Qxe2 Nxe5 13. dxe5 c5 14. Rad1
Qa5 15. Qc2 Rad8 16. cxd5 exd5 17. f3 Ng5 18. Rd2 c4 19. Rfd1 Rfe8 20. Rd4 Ne6
21. Rh4 Qc5 22. Bc1 Nf8 23. f4 Ne6 24. Kh1 Qc7 25. Qf2 Nc5 26. Rf1 Ne4 27. Qc2
Qe7 28. Rh3 f6 29. exf6 Qxf6 30. Bb2 Nd6 31. Rhf3 Nf5 32. Qe2 Re4 33. Rd1 a5
34. g4 Nh4 35. Rh3 Ng6 36. Rf1 b5 37. g5 hxg5 38. fxg5 Qxg5 39. Rg3 Qh6 40.
Rfg1 Rd6 41. Qf3 Rh4 42. Qg2 Kh7 43. Bc1 Re4 44. Rh3 Rh4 45. Rxh4 Qxh4 46. Rf1
Qe4 47. Kg1 Qxg2+ 48. Kxg2 Rf6 49. Rd1 Rf5 50. Rd4 Re5 51. Bd2 Kg8 52. h4 Ne7
53. Kf3 Ng6 54. Be1 Kf7 55. Bg3 Re4 56. Rxd5 Re8 57. Rxb5 a4 58. h5 Ne7 59. Rb4
Nd5 60. Rb7+ Kg8 61. e4 Nxc3 62. Rc7 Nb5 63. Rxc4 Nxa3 64. Rxa4 Nb5 65. Rb4 Na7
66. Bd6 Nc6 67. Rb6 Ne5+ 68. Kf4 Nc4 69. Ra6 Nxd6 70. Rxd6 Kf7 71. Kf5 Rh8 72.
Kg5 Re8 73. Rd7+ Kg8 74. Kg6 Rxe4 75. Rd8+ 1-0

[Event "Open Vitrolles 2021/2022"]
[Site "Vitrolles"]
[Date "2021.02.27"]
[Round "6.5"]
[White "Cens, Alain"]
[Black "Mars, Florence"]
[Result "1-0"]
[WhiteElo "1393"]
[BlackElo "1213"]
[PlyCount "64"]

1. c4 c5 2. g3 Nc6 3. Bg2 Nf6 4. Nc3 e6 5. e4 d5 6. exd5 exd5 7. Nxd5 Nxd5 8.
Bxd5 Nb4 9. Qe2+ Be7 10. d4 Nxd5 11. cxd5 Qxd5 12. Qf3 Qxf3 13. Nxf3 Bg4 14.
Ne5 Bh3 15. Be3 f6 16. Nd3 cxd4 17. Bd2 Rc8 18. Rc1 Kf7 19. Ke2 Rhe8 20. Rxc8
Rxc8 21. Rc1 Bd6 22. f3 h5 23. Nf4 Rxc1 24. Bxc1 Bxf4 25. Bxf4 Ke6 26. Bd2 Kd5
27. a3 Kc4 28. Bb4 Bf5 29. Bf8 g6 30. Be7 Bd3+ 31. Kd2 f5 32. b3+ Kxb3 1-0

[Event "Open Vitrolles 2021/2022"]
[Site "Vitrolles"]
[Date "2022.02.27"]
[Round "6.6"]
[White "Corrias, Robert"]
[Black "Leonti, Denis"]
[Result "0-1"]
[WhiteElo "1449"]
[BlackElo "1193"]
[PlyCount "43"]

1. g3 e6 2. Bg2 d5 3. d4 c5 4. Nf3 Nc6 5. O-O Nf6 6. c3 Be7 7. Bf4 Qb6 8. b3
O-O 9. e3 cxd4 10. cxd4 Bd7 11. Nbd2 Ba3 12. Ne5 Rac8 13. Ndf3 Nxe5 14. Nxe5
Bb5 15. Nd3 Rc3 16. Ne5 Bxf1 17. Qxf1 Rfc8 18. Bf3 Rc1 19. Rxc1 Rxc1 20. Bd1
Qa5 21. Qe2 Ne4 22. Kg2 0-1

[Event "Open Vitrolles 2021/2022"]
[Site "Vitrolles"]
[Date "2021.02.28"]
[Round "6.7"]
[White "Rannou, Danielle"]
[Black "Bouriel, Michel"]
[Result "0-1"]
[WhiteElo "1122"]
[BlackElo "1329"]
[PlyCount "91"]

1. e4 c5 2. Nc3 d6 3. d3 Nf6 4. Nf3 g6 5. h3 Bg7 6. Bd2 O-O 7. Be2 Nc6 8. a3 a6
9. O-O b5 10. Qc1 Bb7 11. Re1 b4 12. axb4 cxb4 13. Nd1 a5 14. Bh6 Rc8 15. Bxg7
Kxg7 16. Ne3 Nd7 17. b3 Kg8 18. Ng4 Nf6 19. Nfh2 Nd4 20. Bd1 Nxb3 21. Qb2 Nxa1
22. Qxa1 e5 23. Rf1 h5 24. Ne3 Re8 25. f4 Qb6 26. Qc1 Kg7 27. Kh1 Ba6 28. g4
Bxd3 29. Rf2 Bxe4+ 30. Kg1 Rc3 31. Nhf1 b3 32. f5 b2 33. Qb1 Rxe3 34. Nh2 Rg3+
35. Kf1 Qe3 36. Qxb2 Rxh3 37. Qb3 Qxb3 38. cxb3 Nxg4 39. Nxg4 hxg4 40. Bxg4
Rxb3 41. f6+ Kh6 42. Bd7 Reb8 43. Kg1 Rb1+ 44. Kh2 R1b2 45. Rxb2 Rxb2+ 46. Kg1
0-1